Respuesta de paredes de vivienda ante cargas de impacto
Enregistré dans:
| Auteur principal: | |
|---|---|
| Format: | Livre |
| Publié: |
[San José, Costa Rica]
2008
|
| Sujets: | |
| Tags: |
Ajouter un tag
Pas de tags, Soyez le premier à ajouter un tag!
|
MARC
| LEADER | 00000nam a2200000Ia 4500 | ||
|---|---|---|---|
| 003 | 001083 | ||
| 005 | 20221231144101.0 | ||
| 008 | 140114s2008 cr a 000 ||s d | ||
| 040 | |c cru CEDI | ||
| 090 | |a TFG 5608 | ||
| 100 | |a Naranjo Castillo, Vladimir |9 4448 | ||
| 245 | |a Respuesta de paredes de vivienda ante cargas de impacto | ||
| 260 | |c 2008 |b [San José, Costa Rica] | ||
| 300 | |a 130 hojas; ilustraciones a color | ||
| 500 | |a Tesis (licenciatura en ingeniería civil)--Universidad de Costa Rica. Escuela de Ingeniería Civil | ||
| 650 | |x MUROS |x DISEÑO Y CONSTRUCCION |x DISEÑO DE ESTRUCTURAS |x CONSTRUCCIONES ANTISISMICAS |x ANALISIS |x CONSTRUCCIONES PREFABRICADAS |x IMPACTO |9 4449 | ||
| 942 | |c TFG | ||
| 999 | |c 16653 |d 16653 | ||
